WTO na prahu tretieho tisícročia
Rozporné názory na vytvorenie Svetovej obchodnej organizácie (WTO), jej budúcu úlohu a význam v medzinárodnom obchode ako aj v systéme medzinárodných ekonomických inštitúcií. Náčrt niektgorých problémov, ktoré WTO na prahu tretieho tisícročia sprevádzajú.
Na minha lista:
| Autor principal: | |
|---|---|
| Formato: | Capítulo de Livro |
| Idioma: | eslovaco |
| Assuntos: | |
| Tags: |
Sem tags, seja o primeiro a adicionar uma tag!
|
MARC
| LEADER | 00000naa a2200000 4500 | ||
|---|---|---|---|
| 001 | r043409 | ||
| 005 | 20230825104002.7 | ||
| 041 | 0 | |a slo | |
| 044 | |a SK | ||
| 245 | 1 | 0 | |a WTO na prahu tretieho tisícročia |c Michaela Gajdošová |
| 520 | |a Rozporné názory na vytvorenie Svetovej obchodnej organizácie (WTO), jej budúcu úlohu a význam v medzinárodnom obchode ako aj v systéme medzinárodných ekonomických inštitúcií. Náčrt niektgorých problémov, ktoré WTO na prahu tretieho tisícročia sprevádzajú. | ||
| 610 | 2 | 0 | |a obchod svetový |
| 610 | 2 | 0 | |a organizácie obchodné |
| 610 | 2 | 0 | |a Svetová obchodná organizácia |
| 610 | 2 | 0 | |a obchod medzinárodný |
| 610 | 2 | 0 | |a organizácie medzinárodné |
| 100 | 1 | |a Gajdošová, Michaela | |